[Event "Metz op 37th"]
[Site "Metz"]
[Date "2019.04.11"]
[Round "5"]
[White "Boulet, Philippe"]
[Black "Kienitz, Andre"]
[Result "1/2-1/2"]
[WhiteElo "1971"]
[BlackElo "2117"]
[PlyCount "73"]
[EventDate "2019.04.08"]
[EventType "swiss"]
[EventRounds "9"]
[EventCountry "FRA"]
[SourceTitle "CBM 189 Extra"]
[Source "ChessBase"]
[SourceDate "2019.06.03"]
[SourceVersion "1"]
[SourceVersionDate "2019.06.03"]
[SourceQuality "1"]

1. d4 d5 2. c4 e6 3. Nc3 Be7 4. cxd5 exd5 5. Bf4 c6 6. e3 Bd6 7. Bxd6 Qxd6 8. Bd3 Ne7 9. Qc2 b6 10. Nf3 Ba6 11. Bxa6 Nxa6 12. 0-0 0-0 13. a3 Nc7 14. b4 Ne6 15. Rfd1 Rfd8 16. Na4 Rac8 17. Rac1 Rc7 18. Qb2 Rdc8 19. Nc3 Nf8 20. a4 Qe6 21. Qd2 Nf5 22. Qd3 h6 23. Ne2 g5 24. Rc2 Nd6 25. Ng3 Ne4 26. Rdc1 Nd7 27. Ne1 Nxg3 28. hxg3 Kg7 29. Qe2 c5 30. dxc5 bxc5 31. bxc5 Rxc5 32. Nd3 Rxc2 33. Rxc2 Rc4 34. Nb2 Rc6 35. Qd2 Rxc2 36. Qxc2 Qe5 37. Nd1 1/2-1/2

[Event "USCF (Railway) Challenge"]
[Site "Limoges"]
[Date "2016.04.20"]
[Round "3"]
[White "Ferrier, David"]
[Black "Boulet, Philippe"]
[Result "0-1"]
[WhiteElo "2039"]
[BlackElo "2099"]
[PlyCount "134"]
[EventDate "2016.04.20"]
[EventType "swiss"]
[EventRounds "3"]
[EventCountry "FRA"]
[SourceTitle "EXT 2019"]
[Source "ChessBase"]
[SourceDate "2018.10.10"]
[SourceVersion "1"]
[SourceVersionDate "2018.10.10"]
[SourceQuality "1"]

1. e4 e6 2. d4 d5 3. e5 c5 4. c3 Bd7 5. Nf3 Nc6 6. Be2 f6 7. 0-0 Qc7 8. Re1 0-0-0 9. Bf1 h6 10. a3 c4 11. g3 g5 12. exf6 Nxf6 13. Bg2 Bd6 14. Nbd2 Rdf8 15. Qe2 Nd8 16. Ne5 Be8 17. Rb1 Nd7 18. Ndf3 Bh5 19. g4 Bxe5 20. Nxe5 Nxe5 21. dxe5 Bg6 22. Ra1 Rh7 23. Be3 Bd3 24. Qd2 Rhf7 25. b3 b6 26. f3 Nc6 27. Bd4 Na5 28. bxc4 Bxc4 29. Rab1 Nb3 30. Qd1 Nc5 31. Re3 Rf4 32. h3 Qc6 33. Bf1 Bxf1 34. Kxf1 Nb7 35. Kg2 Na5 36. Rd3 Nc4 37. a4 Qc7 38. Qe2 Qf7 39. Rf1 Kb7 40. Bg1 Na5 41. Bd4 Qe8 42. Qa2 Qg6 43. Qe2 Rc8 44. Rd2 Nb3 45. Rd3 Nxd4 46. cxd4 Rc4 47. a5 Rfxd4 48. a6+ Kb8 49. Rxd4 Rxd4 50. Qb5 Qc2+ 51. Rf2 Qc8 52. Ra2 Rc4 53. Qb1 Rc3 54. Qh7 d4 55. Rd2 Qxa6 56. Qxh6 Qc8 57. Qxg5 Rc2 58. Rxc2 Qxc2+ 59. Kg3 d3 60. Qd8+ Kb7 61. Qd7+ Ka6 62. Qh7 Qe2 63. Qd7 Qxe5+ 64. Kf2 Qc5+ 65. Kg3 Qc2 66. Qxe6 d2 67. Qe2+ Kb7 0-1

[Event "Rochefort op 13th"]
[Site "Rochefort"]
[Date "2014.02.22"]
[Round "6"]
[White "Boulet, Philippe"]
[Black "Mateo, Ramon"]
[Result "0-1"]
[WhiteElo "2177"]
[BlackElo "2413"]
[PlyCount "88"]
[EventDate "2014.02.22"]
[EventType "swiss"]
[EventRounds "9"]
[EventCountry "FRA"]
[SourceTitle "CBM 159 Extra"]
[Source "ChessBase"]
[SourceDate "2014.04.24"]
[SourceVersion "1"]
[SourceVersionDate "2014.04.24"]
[SourceQuality "1"]

1. e4 c5 2. Nf3 e6 3. b3 b6 4. Bb2 Bb7 5. Bd3 Nc6 6. a3 d6 7. 0-0 Nf6 8. Re1 Be7 9. Nc3 0-0 10. Ne2 Qc7 11. Ng3 Ne5 12. Nxe5 dxe5 13. Nh5 g6 14. Nxf6+ Bxf6 15. f4 Bg7 16. f5 exf5 17. exf5 Rad8 18. Qg4 Rfe8 19. Bc3 Qd7 20. h3 a6 21. fxg6 hxg6 22. Qxd7 Rxd7 23. Be4 Bxe4 24. Rxe4 f5 25. Re2 Bh6 26. d3 e4 27. dxe4 fxe4 28. Rf1 Re6 29. a4 b5 30. Rf6 Rd1+ 31. Kh2 Rxf6 32. Bxf6 e3 33. Kg3 Rf1 34. Be5 Kf7 35. Bd6 Rf5 36. axb5 axb5 37. b4 cxb4 38. Bxb4 Bf4+ 39. Kg4 Bc7 40. Be1 Bb6 41. Kg3 Kf6 42. h4 Rf1 43. c4 Kf5 44. Rb2 Bc7+ 0-1

[Event "St Mandrier IDF-ch"]
[Site "St Mandrier"]
[Date "2012.04.04"]
[Round "?"]
[White "Gaignierre, Gilles"]
[Black "Boulet, Philippe"]
[Result "1/2-1/2"]
[WhiteElo "1973"]
[BlackElo "2180"]
[PlyCount "58"]
[EventDate "2012.04.03"]
[EventType "swiss"]
[EventRounds "6"]
[EventCountry "FRA"]
[SourceTitle "EXT 2014"]
[Source "ChessBase"]
[SourceDate "2013.11.20"]
[SourceVersion "1"]
[SourceVersionDate "2013.11.20"]
[SourceQuality "1"]

1. d4 d5 2. Nf3 Nf6 3. Bg5 Ne4 4. Bf4 c5 5. dxc5 Nc6 6. Nbd2 Nxc5 7. c3 Bg4 8. h3 Bh5 9. Nb3 Ne4 10. Nfd2 f5 11. Nxe4 fxe4 12. g4 Bf7 13. Nd4 h5 14. Qa4 hxg4 15. e3 Qa5 16. Qxa5 Nxa5 17. Bb5+ Kd8 18. b4 a6 19. Be2 Nc4 20. Bxc4 dxc4 21. 0-0-0 e5 22. Nc6+ Ke8 23. Nxe5 Rxh3 24. Nxg4 Be6 25. Ne5 Rd8 26. Rxd8+ Kxd8 27. Rxh3 Bxh3 28. Nxc4 Be6 29. Ne5 Bd6 1/2-1/2

[Event "EU-chT Railways USIC"]
[Site "Dresden"]
[Date "2000.06.23"]
[Round "5.6"]
[White "Nejezchleba, Josef"]
[Black "Boulet, Philippe"]
[Result "0-1"]
[WhiteElo "2073"]
[BlackElo "2056"]
[PlyCount "80"]
[EventDate "2000.06.19"]
[EventType "team-swiss"]
[EventRounds "7"]
[EventCountry "GER"]
[SourceTitle "EXT 2002"]
[Source "ChessBase"]
[SourceDate "2001.11.25"]
[SourceVersion "1"]
[SourceVersionDate "2001.11.25"]
[SourceQuality "1"]
[WhiteTeam "Czech Republic (USIC)"]
[BlackTeam "France (USIC)"]
[WhiteTeamCountry "CZE"]
[BlackTeamCountry "FRA"]

1. f4 c5 2. e4 e6 3. Nc3 d5 4. Bb5+ Bd7 5. Bxd7+ Qxd7 6. exd5 exd5 7. d4 Nf6 8. Nf3 cxd4 9. Ne2 Bb4+ 10. Kf1 Nc6 11. a3 Bc5 12. b4 Bb6 13. b5 Na5 14. Nexd4 0-0 15. Ne5 Qc7 16. Bb2 Nc4 17. Nxc4 dxc4 18. Qf3 Rad8 19. c3 Nd5 20. g3 Bxd4 21. cxd4 c3 22. Bc1 Qc4+ 23. Kg2 Rfe8 24. f5 Re2+ 25. Kh3 Rde8 26. Qg4 R2e5 27. Qf3 Qxb5 28. a4 Qe2 29. Qxe2 Rxe2 30. Ba3 b6 31. Rhf1 h5 32. f6 Nxf6 33. Rf5 Re1 34. Ra2 R8e2 35. Rf2 Rxa2 36. Rxa2 Rd1 37. Bd6 Rxd4 38. Be5 Rd2 39. Bxf6 Rxa2 40. Bxc3 Rxa4 0-1

[Event "FRA-chT"]
[Site "France"]
[Date "1994.??.??"]
[Round "7"]
[White "Boulet, Philippe"]
[Black "Bouton, Christophe"]
[Result "1/2-1/2"]
[WhiteElo "2010"]
[BlackElo "2255"]
[PlyCount "147"]
[EventDate "1994.??.??"]
[EventType "team"]
[EventRounds "11"]
[EventCountry "FRA"]
[SourceTitle "EXT 1999"]
[Source "ChessBase"]
[SourceDate "1998.11.16"]
[SourceVersion "1"]
[SourceVersionDate "1998.11.16"]
[SourceQuality "1"]

1. d4 d5 2. Nc3 c6 3. Bg5 Nf6 4. Bxf6 exf6 5. e3 Be6 6. Bd3 g6 7. Nge2 Bg7 8. Ng3 Nd7 9. Nce2 Qe7 10. c3 f5 11. Nf4 Nf6 12. Qb3 Ne4 13. Nge2 Nd6 14. h4 h5 15. Nxe6 Qxe6 16. Nf4 Qe7 17. c4 Bh6 18. Ne2 dxc4 19. Bxc4 f4 20. exf4 Bxf4 21. 0-0 Bh6 22. Nf4 0-0-0 23. Nd3 Nxc4 24. Qxc4 Qxh4 25. f4 Bg7 26. Ne5 Bxe5 27. dxe5 Qg4 28. Rac1 Qe6 29. Qa4 Kb8 30. b4 Rd2 31. Rf2 Rhd8 32. b5 cxb5 33. Rxd2 Rxd2 34. Qxb5 a6 35. Qb4 Qd5 36. Qf8+ Ka7 37. Qc5+ Qxc5+ 38. Rxc5 Kb8 39. Ra5 Kc7 40. Kh2 Kc6 41. Kh3 Rd3+ 42. Kh4 Kb6 43. Ra4 Rc3 44. g4 hxg4 45. Kxg4 Rc6 46. Kg5 Kc7 47. Re4 Kd7 48. a4 b6 49. Kh6 Ke6 50. Rd4 f6 51. exf6 Kxf6 52. Rb4 Kf5 53. Kg7 b5 54. axb5 Rb6 55. Ra4 axb5 56. Rb4 Rb7+ 57. Kh6 Kf6 58. Rd4 b4 59. Rd6+ Kf5 60. Rd7 Rb6 61. Rb7 Re6 62. Rxb4 g5+ 63. Kh5 gxf4 64. Rb5+ Re5 65. Rb3 Rd5 66. Kh4 Rd2 67. Kh3 Ke4 68. Kg4 Rg2+ 69. Kh3 Rg6 70. Ra3 Rh6+ 71. Kg4 Rg6+ 72. Kh3 Kf5 73. Ra5+ Ke4 74. Ra3 1/2-1/2

[Event "FRA-chT"]
[Site "France"]
[Date "1994.??.??"]
[Round "8"]
[White "Boulet, Philippe"]
[Black "Loheac Amoun, Frank"]
[Result "1-0"]
[WhiteElo "2225"]
[BlackElo "2010"]
[PlyCount "74"]
[EventDate "1994.??.??"]
[EventType "team"]
[EventRounds "11"]
[EventCountry "FRA"]
[SourceTitle "EXT 1999"]
[Source "ChessBase"]
[SourceDate "1998.11.16"]
[SourceVersion "1"]
[SourceVersionDate "1998.11.16"]
[SourceQuality "1"]

1. d4 d6 2. e4 Nf6 3. Nc3 Nbd7 4. g3 e5 5. Nge2 Be7 6. Bg2 0-0 7. 0-0 c6 8. a4 b6 9. h3 a6 10. Be3 Bb7 11. g4 b5 12. Ng3 Nb6 13. b3 exd4 14. Qxd4 c5 15. Qd2 b4 16. Nce2 a5 17. Nf4 Qc7 18. Nfh5 Rfd8 19. Bg5 Nxh5 20. Nxh5 d5 21. e5 Qxe5 22. Bf4 Qe6 23. Rfe1 Qd7 24. Nxg7 Kxg7 25. Be5+ Kg8 26. Qh6 f6 27. Bxf6 Bxf6 28. Qxf6 Qf7 29. Qxb6 Rf8 30. Qe6 Rae8 31. Qxf7+ Kxf7 32. Rad1 Rxe1+ 33. Rxe1 Rd8 34. f4 Rd7 35. Rd1 d4 36. Bf1 Re7 37. Bd3 Kf8 1-0

[Event "France op"]
[Site "France"]
[Date "1994.??.??"]
[Round "5"]
[White "Boulet, Philippe"]
[Black "Vallognes, R."]
[Result "1-0"]
[WhiteElo "2010"]
[BlackElo "1750"]
[PlyCount "69"]
[EventDate "1994.??.??"]
[EventType "swiss"]
[EventRounds "5"]
[EventCountry "FRA"]
[SourceTitle "EXT 1999"]
[Source "ChessBase"]
[SourceDate "1998.11.16"]
[SourceVersion "1"]
[SourceVersionDate "1998.11.16"]
[SourceQuality "1"]

1. d4 Nf6 2. Nc3 d5 3. Bg5 Ne4 4. Nxe4 dxe4 5. e3 h6 6. Bf4 e6 7. f3 exf3 8. Nxf3 Nc6 9. Ne5 Bd7 10. Bd3 Bd6 11. Qh5 Nxe5 12. Bxe5 Bxe5 13. Qxe5 0-0 14. 0-0-0 Bc6 15. c4 Qd6 16. Qh5 Qe7 17. h4 Rad8 18. Rh3 Qd6 19. g4 Be8 20. g5 f5 21. Qe2 h5 22. Qh2 Qxh2 23. Rxh2 g6 24. Rf2 Bc6 25. Rf4 Kg7 26. Bc2 Rfe8 27. e4 b6 28. d5 Bb7 29. dxe6 Rxd1+ 30. Kxd1 fxe4 31. Bxe4 Bc8 32. Rf7+ Kg8 33. Bxg6 Rxe6 34. Rxc7 Ba6 35. Bf7+ 1-0